01378pab a2200193 454500008004000000100002000040245009500060260000900155300001500164362001200179520076900191650001800960650002500978773004401003908000601047909001001053999001701063952010401080180718b2006 xxu||||| |||| 00| 0 eng d aBasdeo, Sahadeo aEnhancing Indo-Canadian cooperation in the era of globalisation: Strategies for the future c2006 ap.791-810. aOct-Dec aAs the forces of globalisation gained momentum, the world economy began to change dramatically and swiftly to the benefit of the more open, liberalised economies, and as such technological developments, in transportation and communication decreased the natural barriers to trade. In the process, international trade increased in importance. To a regional power and to a burgeoning world power such as India, economic considerations became paramount. It is against this background that this article traces evolution of bilateral relations between India and Canada. There has been a perceptible shift in the relations between two nations and this article focuses on the areas that offer opportunities for mutually satisfying and beneficial cooperation. - Reproduced. aGlobalization aEconomic cooperation aIndian Journal of Public Administration aN a73003 c73003d73003 00104070aIIPAbIIPAd2018-07-19hVolume no: 52, Issue no: 4pAR73463r2018-07-19w2018-07-19yAR